000 00474nmm a2200145Ia 4500
008 251105s9999||||xx |||||||||||||||||und||
041 _aspa
100 _aSosa Sánchez, Antonio
245 0 _aEl viviente y el averno :
_b Una novela sobre el señor de la historia y el misterio del mal
264 _a[Madrid, España] :
_bLantia,
_c2016
300 _a0 páginas
650 _aHistorical fiction
856 _uhttps://public.digitaliapublishing.com/a/87558
942 _cCF
999 _c105794
_d105794